<?xml version="1.0" encoding="UTF-8"?>
<marc:record xmlns:marc="http://www.loc.gov/MARC21/slim">
   <marc:leader>00000nam a2200000 a 4500</marc:leader>
   <marc:datafield ind1="1" ind2=" " tag="100">
      <marc:subfield code="a">AKIZ</marc:subfield>
      <marc:subfield code="4">aut</marc:subfield>
      <marc:subfield code="e">Verfasser/-in</marc:subfield>
   </marc:datafield>
   <marc:datafield ind1="0" ind2="0" tag="245">
      <marc:subfield code="a">Die Königin der Frösche</marc:subfield>
   </marc:datafield>
   <marc:datafield ind1="0" ind2="0" tag="245">
      <marc:subfield code="b">Roman</marc:subfield>
   </marc:datafield>
   <marc:datafield ind1="0" ind2="0" tag="245">
      <marc:subfield code="c">AKIZ</marc:subfield>
   </marc:datafield>
   <marc:datafield ind1=" " ind2="1" tag="264">
      <marc:subfield code="a">München</marc:subfield>
      <marc:subfield code="b">hanserblau</marc:subfield>
      <marc:subfield code="c">2023</marc:subfield>
   </marc:datafield>
   <marc:datafield ind1=" " ind2=" " tag="250">
      <marc:subfield code="a">1. Auflage</marc:subfield>
   </marc:datafield>
   <marc:datafield ind1="1" ind2=" " tag="520">
      <marc:subfield code="a">Das Tier im Mensch und der Mensch im Tier. Das beliebteste Märchen neu erzählt – rauschhaft und bildgewaltig&lt;br/&gt;&lt;br/&gt;Die junge Herzogstochter Ragna soll mit dem Jagdfürsten Waidhofenstein vermählt werden. Doch anstatt sich ihm und dem affektierten Gehabe am Hof unterzuordnen, entfesselt der Kuss mit einer Kröte eine Verwandlung, deren Wucht der gesamte Hofstaat kaum in den Griff zu bekommen scheint.&lt;br/&gt;Akiz' Roman führt in die dunkelsten Tiefen der deutschen Wälder. Wuchtig, wahrhaftig und zärtlich zugleich erzählt er vom Fluch und Segen, ein Mensch zu sein – und von der Liebe zwischen zweien, die kompromisslos um die eigene Freiheit ringen.</marc:subfield>
   </marc:datafield>
   <marc:datafield ind1=" " ind2=" " tag="020">
      <marc:subfield code="a">9783446276451</marc:subfield>
      <marc:subfield code="9">9783446276451</marc:subfield>
   </marc:datafield>
   <marc:datafield ind1=" " ind2=" " tag="041">
      <marc:subfield code="a">ger</marc:subfield>
   </marc:datafield>
   <marc:datafield ind1="1" ind2=" " tag="521">
      <marc:subfield code="a">0</marc:subfield>
   </marc:datafield>
   <marc:datafield ind1=" " ind2=" " tag="300">
      <marc:subfield code="a">173 Seiten</marc:subfield>
   </marc:datafield>
</marc:record>
